<?xml version="1.0" encoding="UTF-8"?>
<record
    xmlns:xsi="http://www.w3.org/2001/XMLSchema-instance"
    xsi:schemaLocation="http://www.loc.gov/MARC21/slim http://www.loc.gov/standards/marcxml/schema/MARC21slim.xsd"
    xmlns="http://www.loc.gov/MARC21/slim">

  <leader>00960nam a2200205Ia 4500</leader>
  <controlfield tag="003">Ost</controlfield>
  <controlfield tag="005">20260507075024.0</controlfield>
  <controlfield tag="008">260507s9999||||xx |||||||||||||| ||und||</controlfield>
  <datafield tag="040" ind1=" " ind2=" ">
    <subfield code="c">fsecg</subfield>
  </datafield>
  <datafield tag="041" ind1=" " ind2=" ">
    <subfield code="a">ara</subfield>
  </datafield>
  <datafield tag="082" ind1=" " ind2=" ">
    <subfield code="a">330</subfield>
  </datafield>
  <datafield tag="100" ind1=" " ind2=" ">
    <subfield code="a">&#x62D;&#x627;&#x641;&#x638;&#x60C; &#x645;&#x62C;&#x62F;&#x64A; &#x645;&#x62D;&#x628;</subfield>
    <subfield code="e">&#x645;&#x624;&#x644;&#x641;</subfield>
  </datafield>
  <datafield tag="245" ind1=" " ind2="0">
    <subfield code="a">&#x62C;&#x631;&#x627;&#x626;&#x645; &#x627;&#x644;&#x634;&#x64A;&#x643; :</subfield>
    <subfield code="b">&#x62F;&#x631;&#x627;&#x633;&#x629; &#x645;&#x642;&#x627;&#x631;&#x646;&#x629; &#x641;&#x64A; &#x627;&#x644;&#x62A;&#x634;&#x631;&#x64A;&#x639; &#x627;&#x644;&#x645;&#x635;&#x631;&#x64A; &#x648;&#x627;&#x644;&#x639;&#x631;&#x628;&#x64A; &#x648;&#x627;&#x644;&#x641;&#x631;&#x646;&#x633;&#x64A; /</subfield>
    <subfield code="c"> &#x645;&#x62C;&#x62F;&#x64A; &#x645;&#x62D;&#x628; &#x62D;&#x627;&#x641;&#x638;</subfield>
  </datafield>
  <datafield tag="260" ind1=" " ind2=" ">
    <subfield code="a">[&#x62F;&#x648;&#x646; &#x645;&#x643;&#x627;&#x646;]: </subfield>
    <subfield code="b">[&#x62F;&#x648;&#x646; &#x646;&#x627;&#x634;&#x631;], </subfield>
    <subfield code="c">2002</subfield>
  </datafield>
  <datafield tag="300" ind1=" " ind2=" ">
    <subfield code="a">256  &#x635;&#x641;&#x62D;&#x629;&#x61B; </subfield>
    <subfield code="b">&#x625;&#x64A;&#x636;&#x627;&#x62D;&#x627;&#x62A; &#x61B;</subfield>
    <subfield code="c">23 &#x633;&#x645;</subfield>
  </datafield>
  <datafield tag="520" ind1=" " ind2=" ">
    <subfield code="a">&#x645;&#x642;&#x62F;&#x645;&#x629; &#x62D;&#x648;&#x644; &#x627;&#x644;&#x634;&#x64A;&#x643;- &#x627;&#x644;&#x637;&#x628;&#x64A;&#x639;&#x629; &#x627;&#x644;&#x642;&#x627;&#x646;&#x648;&#x646;&#x64A;&#x629; &#x644;&#x644;&#x634;&#x64A;&#x643;- &#x62A;&#x62F;&#x627;&#x648;&#x644; &#x627;&#x644;&#x634;&#x64A;&#x643;- &#x627;&#x644;&#x648;&#x641;&#x627;&#x621; &#x628;&#x627;&#x644;&#x634;&#x64A;&#x643;- &#x623;&#x646;&#x648;&#x627;&#x639; &#x62E;&#x627;&#x635;&#x629; &#x645;&#x646; &#x627;&#x644;&#x634;&#x64A;&#x643;&#x627;&#x62A;- &#x623;&#x631;&#x643;&#x627;&#x646; &#x62C;&#x631;&#x627;&#x626;&#x645; &#x627;&#x644;&#x634;&#x64A;&#x643;- &#x639;&#x642;&#x648;&#x628;&#x629; &#x625;&#x639;&#x637;&#x627;&#x621; &#x634;&#x64A;&#x643; &#x628;&#x62F;&#x648;&#x646; &#x631;&#x635;&#x64A;&#x62F;- &#x627;&#x644;&#x645;&#x62D;&#x627;&#x643;&#x645;&#x629; &#x641;&#x64A; &#x62C;&#x631;&#x627;&#x626;&#x645; &#x627;&#x644;&#x634;&#x64A;&#x643;</subfield>
  </datafield>
  <datafield tag="653" ind1=" " ind2=" ">
    <subfield code="a">&#x627;&#x644;&#x634;&#x64A;&#x643;&#x627;&#x62A;</subfield>
  </datafield>
  <datafield tag="653" ind1=" " ind2=" ">
    <subfield code="a">&#x62C;&#x631;&#x627;&#x626;&#x645; &#x627;&#x644;&#x627;&#x62E;&#x62A;&#x644;&#x627;&#x633;</subfield>
  </datafield>
  <datafield tag="942" ind1=" " ind2=" ">
    <subfield code="c">&#x643;&#x62A;&#x627;&#x628;</subfield>
  </datafield>
  <datafield tag="952" ind1=" " ind2=" ">
    <subfield code="0">0</subfield>
    <subfield code="1">0</subfield>
    <subfield code="2">ddc</subfield>
    <subfield code="4">0</subfield>
    <subfield code="7">-1</subfield>
    <subfield code="a">fsecg</subfield>
    <subfield code="b">fsecg</subfield>
    <subfield code="d">2026-05-07</subfield>
    <subfield code="h">&#x627;&#x644;&#x637;&#x627;&#x628;&#x642; &#x627;&#x644;&#x623;&#x631;&#x636;&#x64A;</subfield>
    <subfield code="i">155/1</subfield>
    <subfield code="l">0</subfield>
    <subfield code="o">&#x623;/155&#x646;1</subfield>
    <subfield code="p">155/1</subfield>
    <subfield code="r">2026-05-07 07:50:24</subfield>
    <subfield code="w">2026-05-07</subfield>
    <subfield code="y">&#x643;&#x62A;&#x627;&#x628;</subfield>
  </datafield>
  <datafield tag="952" ind1=" " ind2=" ">
    <subfield code="0">0</subfield>
    <subfield code="1">0</subfield>
    <subfield code="2">ddc</subfield>
    <subfield code="4">0</subfield>
    <subfield code="7">0</subfield>
    <subfield code="a">fsecg</subfield>
    <subfield code="b">fsecg</subfield>
    <subfield code="d">2026-05-07</subfield>
    <subfield code="h">&#x627;&#x644;&#x637;&#x627;&#x628;&#x642; &#x627;&#x644;&#x623;&#x631;&#x636;&#x64A;</subfield>
    <subfield code="i">155/2</subfield>
    <subfield code="l">0</subfield>
    <subfield code="o">&#x623;/155&#x646;2</subfield>
    <subfield code="p">155/2</subfield>
    <subfield code="r">2026-05-07 07:50:24</subfield>
    <subfield code="w">2026-05-07</subfield>
    <subfield code="y">&#x643;&#x62A;&#x627;&#x628;</subfield>
  </datafield>
  <datafield tag="952" ind1=" " ind2=" ">
    <subfield code="0">0</subfield>
    <subfield code="1">0</subfield>
    <subfield code="2">ddc</subfield>
    <subfield code="4">0</subfield>
    <subfield code="7">0</subfield>
    <subfield code="a">fsecg</subfield>
    <subfield code="b">fsecg</subfield>
    <subfield code="d">2026-05-07</subfield>
    <subfield code="h">&#x627;&#x644;&#x637;&#x627;&#x628;&#x642; &#x627;&#x644;&#x623;&#x631;&#x636;&#x64A;</subfield>
    <subfield code="i">155/3</subfield>
    <subfield code="l">0</subfield>
    <subfield code="o">&#x623;/155&#x646;3</subfield>
    <subfield code="p">155/3</subfield>
    <subfield code="r">2026-05-07 07:50:24</subfield>
    <subfield code="w">2026-05-07</subfield>
    <subfield code="y">&#x643;&#x62A;&#x627;&#x628;</subfield>
  </datafield>
  <datafield tag="952" ind1=" " ind2=" ">
    <subfield code="0">0</subfield>
    <subfield code="1">0</subfield>
    <subfield code="2">ddc</subfield>
    <subfield code="4">0</subfield>
    <subfield code="7">0</subfield>
    <subfield code="a">fsecg</subfield>
    <subfield code="b">fsecg</subfield>
    <subfield code="d">2026-05-07</subfield>
    <subfield code="h">&#x627;&#x644;&#x637;&#x627;&#x628;&#x642; &#x627;&#x644;&#x62B;&#x627;&#x646;&#x64A;</subfield>
    <subfield code="i">155/4</subfield>
    <subfield code="l">0</subfield>
    <subfield code="o">&#x623;/155&#x646;4</subfield>
    <subfield code="p">155/4</subfield>
    <subfield code="r">2026-05-07 07:50:24</subfield>
    <subfield code="w">2026-05-07</subfield>
    <subfield code="y">&#x643;&#x62A;&#x627;&#x628;</subfield>
  </datafield>
  <datafield tag="952" ind1=" " ind2=" ">
    <subfield code="0">0</subfield>
    <subfield code="1">0</subfield>
    <subfield code="2">ddc</subfield>
    <subfield code="4">0</subfield>
    <subfield code="7">0</subfield>
    <subfield code="a">fsecg</subfield>
    <subfield code="b">fsecg</subfield>
    <subfield code="d">2026-05-07</subfield>
    <subfield code="h">&#x627;&#x644;&#x637;&#x627;&#x628;&#x642; &#x627;&#x644;&#x62B;&#x627;&#x646;&#x64A;</subfield>
    <subfield code="i">155/5</subfield>
    <subfield code="l">0</subfield>
    <subfield code="o">&#x623;/155&#x646;5</subfield>
    <subfield code="p">155/5</subfield>
    <subfield code="r">2026-05-07 07:50:24</subfield>
    <subfield code="w">2026-05-07</subfield>
    <subfield code="y">&#x643;&#x62A;&#x627;&#x628;</subfield>
  </datafield>
  <datafield tag="999" ind1=" " ind2=" ">
    <subfield code="c">42307</subfield>
    <subfield code="d">42307</subfield>
  </datafield>
</record>
